| 000 | 00625nam a2200169 a 4500 | ||
|---|---|---|---|
| 008 | 081107s1997 ||||||||||||||||| || u | ||
| 020 | _a0821339583 | ||
| 050 | _aIBRD-MIGA(058) | ||
| 110 | _aMultilateral Investment Guarantee Agency | ||
| 245 | 1 | 0 | _aMIGA annual report 1997 |
| 260 |
_aWashington D.C.: _bWorld Bank _c1997 |
||
| 300 | _a74p: ill. | ||
| 350 | _a0.00 | ||
| 650 | _aWORLD BANK--ANNUAL REPORTS | ||
| 650 | _aBANKS | ||
| 995 |
_D0.00 _FCBU-MAIN LIBRARY (Kitwe) _H1 _I0.00 _M1 _UAVAILABLE _WNov 7, 2008 _ZInternational Publications |
||
| 999 |
_c51195 _d51195 |
||